Top 10 of each Test Statistic - International Cricket - Statistics

General Stats
  • This quiz has been taken 59 times
  • The average score is 35 of 50
Answer Stats
Hint Answer % Correct
15,921 Sachin Tendulkar
100%
200 Sachin Tendulkar
100%
13,378 Ricky Ponting
97%
196 Ricky Ponting
97%
168 Ricky Ponting
97%
708 Shane Warne
97%
800 Muthiah Muraliduran
95%
604 Stuart Broad
95%
167 Stuart Broad
95%
700 James Anderson
92%
187 James Anderson
92%
37 Adam Gilchrist
87%
13,289 Jacques Kallis
87%
200 Jacques Kallis
87%
166 Jacques Kallis
87%
13,288 Rahul Dravid
87%
210 Rahul Dravid
87%
164 Rahul Dravid
87%
12,400 Kumar Sangakkara
85%
38 MS Dhoni
85%
12,472 Alastair Cook
82%
175 Alastair Cook
82%
161 Alastair Cook
82%
619 Anil Kumble
82%
11,736 Joe Root
79%
193 Joe Root
79%
516 Ravichandran Ashwin
79%
11,953 Brian Lara
77%
563 Glenn McGrath
77%
530 Nathan Lyon
74%
11,814 Mahela Jayawardene
69%
205 Mahela Jayawardene
69%
11,867 Shivnarine Chanderpaul
69%
164 Shivnarine Chanderpaul
69%
169 Graeme Smith
64%
32 Prasanna Jayawardene
64%
183 Steven Smith
64%
439 Dale Steyn
62%
185 Mark Waugh
59%
168 Steve Waugh
59%
29 Ian Healy
56%
519 Courtney Walsh
54%
156 Alan Border
38%
38 Syed Kirmani
21%
171 Stephen Fleming
18%
27 Wasim Bari
15%
46 Godfrey Evans
13%
26 Romesh Kaluwitharana
13%
52 Bert Oldifield
3%
27 Niroshan Dickwella
3%
No matching quizzes found
Score Distribution
Percent of People with Each Score
Percentile by Number Answered
Your Score History
You have not taken this quiz